Elenca la formazione - Quiz n°239 - Statistics

Statistiche generali
  • Questo quiz è stato fatto 51 volte
  • Il punteggio medio è 8 su 11
Statistiche sulle risposte
Ruolo Club dell'epoca Calciatore % Corretto
Portiere Manchester United David de Gea
98%
Difensore Real Madrid Sergio Ramos
96%
Difensore Barcellona Gerard Piqué
87%
Centrocampista Barcellona Sergio Busquets
87%
Difensore Barcellona Jordi Alba
85%
Centrocampista Manchester City David Silva
80%
Centrocampista Atletico Madrid Koke
80%
Attaccante Atletico Madrid Diego Costa
61%
Attaccante Real Madrid Isco
61%
Attaccante Real Madrid Marco Asensio
61%
Difensore Real Madrid Nacho Fernández
33%
Nessun quiz corrispondente trovato
Distribuzione punteggi
Percentuale di utenti per punteggio
Percentile per numero di risposta
I tuoi punteggi nel tempo
Non hai fatto questo quiz